| 000 | 00358nam a22001457a 4500 | ||
|---|---|---|---|
| 020 | _a9788185749952 | ||
| 082 | _a621.381 SHA | ||
| 100 | _aSharma Sanjay | ||
| 245 | _aElectronics Engineering | ||
| 260 |
_aNew Delhi _bS.K.Kataria & Sons _c2010 |
||
| 300 |
_a630 _bP.B |
||
| 650 | _aElectrical engineering | ||
| 700 | _aSanjay Sharma | ||
| 942 | _cBK | ||
| 999 |
_c490590 _d490590 |
||